The Prophet of Modern India; (Record no. 68626)

MARC details
000 -LEADER
fixed length control field 00740nam a22002057a 4500
005 - DATE AND TIME OF LATEST TRANSACTION
control field 20120723143118.0
010 ## - LCCN (DPL NO)
LC control number G-002055
020 ## - INTERNATIONAL STANDARD BOOK NUMBER
International Standard Book Number 9788129101495
Terms of availability 295.00
035 ## - SYSTEM CONTROL NUMBER
System control number G-002055
037 ## - SOURCE OF ACQUISITION
Stock number dpl
Source of stock number/acquisition Gift
082 ## - DEWEY DECIMAL CLASSIFICATION NUMBER
Classification number 920
100 ## - MAIN ENTRY--PERSONAL NAME
Personal name Ghosh, Gautam.
245 ## - TITLE STATEMENT
Title The Prophet of Modern India;
Remainder of title a biography of Swami Vivekanand/
Statement of responsibility, etc by Gautam Ghosh
260 ## - PUBLICATION, DISTRIBUTION, ETC. (IMPRINT)
Place of publication, distribution, etc New Delhi
Name of publisher, distributor, etc Rupa.Co
Date of publication, distribution, etc 2003
270 ## - ADDRESS
Address 7/16, Ansari Road, Daryaganj
City New Delhi
300 ## - PHYSICAL DESCRIPTION
Extent 146 p.
Dimensions 23 cm.
942 ## - ADDED ENTRY ELEMENTS (KOHA)
Source of classification or shelving scheme Dewey Decimal Classification
Item type English Books
Call number suffix GHO
Classification part 92
Holdings
Withdrawn status Lost status Not for loan Collection code Home library Current library Date acquired Source of acquisition Cost, normal purchase price Full call number Barcode Copy number Cost, replacement price Koha item type
      Non-fiction Vinoba Puri Vinoba Puri 23/07/2012 Gift 295.00 920GHO G-002055 1 295.00 English Books

© Delhi Public Library
Hit Counter
free hit counter